[Event "DVM U20 2015"]
[Site "Osnabrück GER"]
[Date "2015.12.29"]
[Round "5"]
[White "Moses, Selina"]
[Black "Pacius, Max"]
[Result "1-0"]
[Termination "normal"]
[Board "8.6"]
[WhiteElo "1808"]
[BlackElo "1190"]
[WhiteTeam "TuS Coswig 1920"]
[BlackTeam "SC Eppingen"]
[PlyCount "65"]
[WhiteFideId "12908070"]
[BlackFideId "16217446"]
[EventCountry "GER"]
[EventRounds "7"]
[EventType "team-swiss"]
[EventDate "2015.12.26"]

1. e4 e5 2. Nf3 Nc6 3. Nc3 Bc5 4. Nxe5 Nxe5 5. d4 Bd6 6. dxe5 Bxe5 7. Bc4 Nf6
8. Qe2 O-O 9. Bd2 d6 10. O-O-O Bd7 11. f3 Qe7 12. g4 c6 13. Qg2 b5 14. Bd3 a5
15. g5 Bxc3 16. Bxc3 Nh5 17. Bd2 c5 18. f4 c4 19. Be2 Bc6 20. Bxh5 Bxe4 21. Bf3
Bxf3 22. Qxf3 Rfc8 23. Rhe1 Qd7 24. f5 b4 25. c3 bxc3 26. Bxc3 a4 27. a3 Qd8
28. Qe3 Rab8 29. h4 Rb5 30. Qd4 Qf8 31. Qxd6 Rxf5 32. Qd7 Rf4 33. Bb4 1-0

[Event "DVM U20 2015"]
[Site "Osnabrück GER"]
[Date "2015.12.29"]
[Round "6"]
[White "Kramer, Julian"]
[Black "Rieß, Alexander"]
[Result "1-0"]
[Termination "normal"]
[Board "1.1"]
[WhiteTitle "FM"]
[WhiteElo "2364"]
[BlackElo "2256"]
[WhiteClock "00:04:19"]
[BlackClock "00:03:20"]
[WhiteTeam "Hamburger SK von 1830"]
[BlackTeam "Lübecker SV von 1873"]
[PlyCount "79"]
[WhiteFideId "12921742"]
[BlackFideId "12953326"]
[EventCountry "GER"]
[EventRounds "7"]
[EventType "team-swiss"]
[EventDate "2015.12.26"]

1. e4 e6 2. d4 d5 3. Nc3 Bb4 4. a3 Bxc3+ 5. bxc3 dxe4 6. Qg4 Nf6 7. Qxg7 Rg8 8.
Qh6 Rg6 9. Qe3 Nc6 10. Ne2 Ne7 11. Ng3 Bd7 12. Nxe4 Nxe4 13. Qxe4 Bc6 14. Qe5
Bxg2 15. Bxg2 Rxg2 16. Rb1 b6 17. c4 Rg6 18. Qe4 f5 19. Qf3 c6 20. c3 Qd6 21.
Kd1 O-O-O 22. Kc2 e5 23. Rd1 e4 24. Qh3 Qe6 25. d5 Qf7 26. Qf1 cxd5 27. c5 Kb7
28. cxb6 axb6 29. Be3 Nc8 30. Rb4 Rc6 31. Ra4 d4 32. Qa6+ Kc7 33. Bf4+ Rdd6 34.
Bxd6+ Nxd6 35. Qa7+ Nb7 36. Rdxd4 Qa2+ 37. Kd1 Rxc3 38. Rd7+ Kxd7 39. Qxb7+ Rc7
40. Rd4+ 1-0

[Event "DVM U20 2015"]
[Site "Osnabrück GER"]
[Date "2015.12.29"]
[Round "6"]
[White "Kololli, Martin"]
[Black "Uksini, Bardhyl"]
[Result "1-0"]
[Termination "normal"]
[Board "1.2"]
[WhiteElo "2128"]
[BlackElo "2311"]
[WhiteClock "00:04:57"]
[BlackClock "00:00:47"]
[WhiteTeam "Lübecker SV von 1873"]
[BlackTeam "Hamburger SK von 1830"]
[PlyCount "75"]
[WhiteFideId "12936910"]
[BlackFideId "1628313"]
[EventCountry "GER"]
[EventRounds "7"]
[EventType "team-swiss"]
[EventDate "2015.12.26"]

1. e4 c5 2. c3 Nf6 3. e5 Nd5 4. d4 cxd4 5. Nf3 Nc6 6. cxd4 d6 7. Bc4 Nb6 8. Bb5
dxe5 9. Nxe5 Bd7 10. Nxd7 Qxd7 11. Nc3 Rd8 12. Be3 a6 13. Bxc6 Qxc6 14. O-O e6
15. Rc1 Nd5 16. Re1 Be7 17. Qf3 Nb4 18. Qg4 g6 19. Red1 Nd5 20. Bh6 Nxc3 21.
bxc3 b5 22. a4 f5 23. Qe2 Kf7 24. axb5 axb5 25. Re1 Rc8 26. Rb1 Rb8 27. Bf4 Rb6
28. c4 Qd7 29. cxb5 Rc8 30. Qe3 Bd6 31. d5 Bc5 32. Qh3 Kg8 33. dxe6 Rxe6 34.
Qb3 Kf7 35. Rbd1 Qe8 36. h4 h5 37. Bg5 Rc7 38. Rd8 1-0

[Event "DVM U20 2015"]
[Site "Osnabrück GER"]
[Date "2015.12.29"]
[Round "6"]
[White "Tiedemann, Fin Niklas"]
[Black "Grötzbach, Julian"]
[Result "1/2-1/2"]
[Termination "normal"]
[Board "1.4"]
[WhiteElo "1799"]
[BlackElo "2225"]
[WhiteClock "00:22:30"]
[BlackClock "00:20:00"]
[WhiteTeam "Lübecker SV von 1873"]
[BlackTeam "Hamburger SK von 1830"]
[PlyCount "91"]
[WhiteFideId "12936936"]
[BlackFideId "24600938"]
[EventCountry "GER"]
[EventRounds "7"]
[EventType "team-swiss"]
[EventDate "2015.12.26"]

1. e4 c5 2. Nf3 d6 3. Bb5+ Bd7 4. Bxd7+ Nxd7 5. O-O Ngf6 6. Re1 e6 7. c4 Ne5 8.
d3 Be7 9. b3 Nfd7 10. Bb2 Bf6 11. Nc3 O-O 12. Qe2 Qa5 13. Nxe5 dxe5 14. Nd1
Rad8 15. Ne3 g6 16. g3 Qc7 17. Ng2 Nb8 18. f4 Nc6 19. g4 Qd7 20. Rad1 Nd4 21.
Qf2 exf4 22. e5 Be7 23. Qxf4 f6 24. Kh1 fxe5 25. Qxe5 Bf6 26. Qe4 Rde8 27. Bc1
Bg7 28. Rf1 Rf7 29. Rxf7 Qxf7 30. Qf4 Qd7 31. Qe4 Rf8 32. Nf4 e5 33. Nd5 Rf2
34. Re1 Qf7 35. Be3 Rf1+ 36. Rxf1 Qxf1+ 37. Bg1 Ne2 38. Qg2 Qe1 39. Qf2 Qxf2
40. Bxf2 b6 41. b4 Bf8 42. bxc5 Bxc5 43. Bxc5 bxc5 44. Nf6+ Kf7 45. Nd7 Nc1 46.
Nxc5 1/2-1/2

[Event "DVM U20 2015"]
[Site "Osnabrück GER"]
[Date "2015.12.29"]
[Round "6"]
[White "Grötzbach, Daniel"]
[Black "Dörp, Max Marian"]
[Result "1-0"]
[Termination "normal"]
[Board "1.5"]
[WhiteElo "2050"]
[BlackElo "1719"]
[WhiteClock "01:06:59"]
[BlackClock "00:00:34"]
[WhiteTeam "Hamburger SK von 1830"]
[BlackTeam "Lübecker SV von 1873"]
[PlyCount "63"]
[WhiteFideId "24692166"]
[BlackFideId "12983551"]
[EventCountry "GER"]
[EventRounds "7"]
[EventType "team-swiss"]
[EventDate "2015.12.26"]

1. e4 e5 2. Nf3 Nc6 3. Bb5 a6 4. Ba4 d6 5. c3 Bd7 6. O-O Nf6 7. Re1 Be7 8. d3
h6 9. h3 O-O 10. Nbd2 b5 11. Bc2 Re8 12. Nf1 Bf8 13. d4 exd4 14. Nxd4 Ne5 15.
Ng3 c5 16. Ndf5 Bxf5 17. Nxf5 d5 18. f4 Nc6 19. e5 Ne4 20. Bxe4 dxe4 21. Qe2
Ne7 22. Nd6 Ng6 23. Nxe8 Qxe8 24. Qxe4 c4 25. Be3 Rc8 26. Rad1 b4 27. Bd4 bxc3
28. Bxc3 Bc5+ 29. Kh1 Bf2 30. Re2 Bg3 31. f5 Nf4 32. Re3 1-0

[Event "DVM U20 2015"]
[Site "Osnabrück GER"]
[Date "2015.12.29"]
[Round "6"]
[White "Holtel, Jasper"]
[Black "Pauly, Carlo"]
[Result "1/2-1/2"]
[Termination "normal"]
[Board "2.1"]
[WhiteTitle "FM"]
[WhiteElo "2366"]
[BlackElo "2266"]
[WhiteClock "00:25:08"]
[BlackClock "00:53:00"]
[WhiteTeam "SK Münster 32"]
[BlackTeam "SG Porz"]
[PlyCount "95"]
[WhiteFideId "12956376"]
[BlackFideId "24673269"]
[EventCountry "GER"]
[EventRounds "7"]
[EventType "team-swiss"]
[EventDate "2015.12.26"]

1. e4 c5 2. Nf3 d6 3. Bb5+ Nd7 4. d4 cxd4 5. Qxd4 a6 6. Bxd7+ Bxd7 7. c4 e6 8.
Nc3 Qc7 9. Be3 Rc8 10. Nd2 Nf6 11. h3 Be7 12. O-O O-O 13. Rac1 Qb8 14. Qd3 Bc6
15. b3 b5 16. Bf4 Rfd8 17. Rfe1 Qb7 18. Bh2 b4 19. Nd1 Nd7 20. Qe2 Nc5 21. f3
Bf8 22. Nf2 a5 23. Nd3 a4 24. Nxc5 dxc5 25. Kf1 Ra8 26. Rc2 Rd7 27. Bf4 Rad8
28. Nb1 axb3 29. axb3 Be7 30. Rd2 Rxd2 31. Nxd2 Ra8 32. Rd1 Kf8 33. Qd3 Rd8 34.
Qc2 Ra8 35. Qd3 Rd8 36. Qc2 Ra8 37. Ke2 f6 38. Nf1 Ra3 39. Ne3 Qa8 40. Rd2 Ra7
41. h4 Rd7 42. Nd1 Ke8 43. Nf2 Rxd2+ 44. Kxd2 Qa1 45. Ke2 h5 46. Nd1 Qd4 47.
Be3 Qe5 48. Qa2 1/2-1/2

[Event "DVM U20 2015"]
[Site "Osnabrück GER"]
[Date "2015.12.29"]
[Round "6"]
[White "Xu, Xianliang"]
[Black "Quante, Lennart"]
[Result "1-0"]
[Termination "normal"]
[Board "2.2"]
[WhiteTitle "FM"]
[WhiteElo "2286"]
[BlackElo "2111"]
[WhiteClock "01:17:42"]
[BlackClock "01:01:38"]
[WhiteTeam "SG Porz"]
[BlackTeam "SK Münster 32"]
[PlyCount "31"]
[WhiteFideId "4603230"]
[BlackFideId "12979627"]
[EventCountry "GER"]
[EventRounds "7"]
[EventType "team-swiss"]
[EventDate "2015.12.26"]

1. g3 d5 2. Bg2 Nf6 3. c4 c6 4. Nf3 Bg4 5. cxd5 cxd5 6. Ne5 Bf5 7. Nc3 e6 8. g4
Bg6 9. h4 h6 10. Nxg6 fxg6 11. Qc2 Qd7 12. g5 Nh5 13. Qxg6+ Qf7 14. Qxf7+ Kxf7
15. Nxd5 exd5 16. Bxd5+ 1-0

[Event "DVM U20 2015"]
[Site "Osnabrück GER"]
[Date "2015.12.29"]
[Round "6"]
[White "Baumann, Stephan"]
[Black "Sabirov, Ramil"]
[Result "1-0"]
[Termination "normal"]
[Board "2.3"]
[WhiteElo "2001"]
[BlackElo "1977"]
[WhiteClock "00:10:42"]
[BlackClock "00:10:33"]
[WhiteTeam "SK Münster 32"]
[BlackTeam "SG Porz"]
[PlyCount "73"]
[WhiteFideId "12990981"]
[BlackFideId "12900303"]
[EventCountry "GER"]
[EventRounds "7"]
[EventType "team-swiss"]
[EventDate "2015.12.26"]

1. e4 c5 2. Nc3 a6 3. f4 b5 4. g3 Bb7 5. Bg2 e6 6. d3 d5 7. Qe2 Be7 8. Nf3 Nf6
9. e5 Nfd7 10. O-O O-O 11. Nd1 Nc6 12. Nf2 b4 13. g4 Qb6 14. Kh1 a5 15. Rg1
Rfc8 16. f5 Nd4 17. Nxd4 cxd4 18. Bf4 Rc6 19. Rac1 Rac8 20. Rgd1 a4 21. b3 Qc7
22. Rd2 axb3 23. axb3 Rc3 24. g5 Rxb3 25. Bh3 Qc6 26. f6 Bf8 27. fxg7 Bxg7 28.
Ng4 Nf8 29. Nf6+ Bxf6 30. gxf6 Ng6 31. Qh5 Qe8 32. Rg1 Rb2 33. Bxe6 fxe6 34.
Rdg2 b3 35. Qh6 Qf8 36. Rxg6+ Kf7 37. Qxh7+ 1-0

[Event "DVM U20 2015"]
[Site "Osnabrück GER"]
[Date "2015.12.29"]
[Round "6"]
[White "Haberkamp, Carl"]
[Black "Baltic, Fatih"]
[Result "1/2-1/2"]
[Termination "normal"]
[Board "2.5"]
[WhiteElo "1932"]
[BlackElo "1945"]
[WhiteClock "00:01:50"]
[BlackClock "00:02:31"]
[WhiteTeam "SK Münster 32"]
[BlackTeam "SG Porz"]
[PlyCount "60"]
[WhiteFideId "12959766"]
[BlackFideId "12979090"]
[EventCountry "GER"]
[EventRounds "7"]
[EventType "team-swiss"]
[EventDate "2015.12.26"]

1. d4 Nf6 2. c4 c5 3. Nf3 g6 4. g3 Bg7 5. Nc3 cxd4 6. Nxd4 O-O 7. Bg2 Nc6 8.
O-O d6 9. Nxc6 bxc6 10. Bxc6 Bh3 11. Bg2 Bxg2 12. Kxg2 Rc8 13. Qd3 Qc7 14. b3
d5 15. c5 Qxc5 16. Bb2 d4 17. Na4 Qd5+ 18. Kg1 e5 19. Rfd1 Rfd8 20. e3 Ng4 21.
e4 Qb7 22. Rac1 Bh6 23. Rxc8 Rxc8 24. Ba3 Nf6 25. Nc5 Qc6 26. b4 Nd7 27. Rb1
Rc7 28. Kf1 Rc8 29. Kg1 Rc7 30. Kf1 Rc8 1/2-1/2

[Event "DVM U20 2015"]
[Site "Osnabrück GER"]
[Date "2015.12.29"]
[Round "6"]
[White "Padva, Leo"]
[Black "Altgelt, Max"]
[Result "1-0"]
[Termination "normal"]
[Board "2.6"]
[WhiteElo "1820"]
[BlackElo "1794"]
[WhiteClock "00:15:53"]
[BlackClock "00:01:06"]
[WhiteTeam "SG Porz"]
[BlackTeam "SK Münster 32"]
[PlyCount "91"]
[WhiteFideId "12964379"]
[BlackFideId "12938602"]
[EventCountry "GER"]
[EventRounds "7"]
[EventType "team-swiss"]
[EventDate "2015.12.26"]

1. e4 c5 2. Nc3 d6 3. f4 g6 4. Nf3 Bg7 5. Bc4 e6 6. O-O Ne7 7. Bb3 O-O 8. d3 d5
9. Qe1 Nbc6 10. Ne2 Qb6 11. Be3 a5 12. a4 Nd4 13. Nexd4 cxd4 14. Bf2 dxe4 15.
dxe4 Nc6 16. e5 Rd8 17. Rd1 Bf8 18. Qe4 Bc5 19. Rd3 Nb4 20. Rd2 d3 21. cxd3 Nd5
22. Bxc5 Qxc5+ 23. d4 Qb4 24. Rd3 Bd7 25. f5 Bc6 26. fxg6 fxg6 27. Qg4 Qe7 28.
Ng5 Bd7 29. Rf7 Qxf7 30. Nxf7 Kxf7 31. Qf3+ Kg7 32. Bxd5 exd5 33. Qf6+ Kg8 34.
e6 Rf8 35. Qe7 Bxa4 36. Rh3 h5 37. Qg5 Bc2 38. e7 Rf7 39. Qxd5 Re8 40. Re3 Kg7
41. Qd7 Ba4 42. Qxa4 Rexe7 43. Rxe7 Rxe7 44. Qxa5 Kf6 45. h4 Kf7 46. d5 1-0

[Event "DVM U20 2015"]
[Site "Osnabrück GER"]
[Date "2015.12.29"]
[Round "6"]
[White "Beeck, Mats"]
[Black "Perestjuk, Marko"]
[Result "0-1"]
[Termination "normal"]
[Board "3.1"]
[WhiteElo "2125"]
[BlackElo "2064"]
[WhiteClock "00:17:53"]
[BlackClock "00:19:29"]
[WhiteTeam "SK Doppelbauer Kiel"]
[BlackTeam "SC Zitadelle Spandau 1977"]
[PlyCount "40"]
[WhiteFideId "12936944"]
[BlackFideId "1270254"]
[EventCountry "GER"]
[EventRounds "7"]
[EventType "team-swiss"]
[EventDate "2015.12.26"]

1. e4 c5 2. Nf3 d6 3. d4 cxd4 4. Nxd4 Nf6 5. Nc3 a6 6. Be2 e5 7. Nb3 Be6 8. f4
exf4 9. Bxf4 Nc6 10. O-O Be7 11. Bf3 Ne5 12. Nd5 Bxd5 13. exd5 O-O 14. Qe2 Nfd7
15. Kh1 Rc8 16. c3 Re8 17. Nd4 Bg5 18. Bxg5 Qxg5 19. Be4 Nf6 20. Nf5 Neg4 0-1

[Event "DVM U20 2015"]
[Site "Osnabrück GER"]
[Date "2015.12.29"]
[Round "6"]
[White "Kuhn, Patrick"]
[Black "Pluska, Alexander"]
[Result "1/2-1/2"]
[Termination "normal"]
[Board "3.2"]
[WhiteElo "1991"]
[BlackElo "2089"]
[WhiteClock "00:22:12"]
[BlackClock "00:15:11"]
[WhiteTeam "SC Zitadelle Spandau 1977"]
[BlackTeam "SK Doppelbauer Kiel"]
[PlyCount "43"]
[WhiteFideId "12910260"]
[BlackFideId "12975141"]
[EventCountry "GER"]
[EventRounds "7"]
[EventType "team-swiss"]
[EventDate "2015.12.26"]

1. c4 c5 2. g3 Nf6 3. Bg2 Nc6 4. Nc3 g6 5. Nf3 Bg7 6. d4 cxd4 7. Nxd4 O-O 8.
O-O a6 9. c5 Qc7 10. Nb3 Rd8 11. Bf4 d6 12. cxd6 exd6 13. Qd2 Be6 14. Rfd1 Ne5
15. Nd5 Nxd5 16. Bxd5 Nc4 17. Bxc4 Qxc4 18. Na5 Qb5 19. a4 Qh5 20. Rac1 Be5 21.
Bxe5 dxe5 22. Qe3 1/2-1/2

[Event "DVM U20 2015"]
[Site "Osnabrück GER"]
[Date "2015.12.29"]
[Round "6"]
[White "Hopson, Kevin Mike"]
[Black "Kostre, Margarita"]
[Result "1-0"]
[Termination "normal"]
[Board "3.3"]
[WhiteElo "1911"]
[BlackElo "1726"]
[WhiteClock "00:26:54"]
[BlackClock "00:29:47"]
[WhiteTeam "SK Doppelbauer Kiel"]
[BlackTeam "SC Zitadelle Spandau 1977"]
[PlyCount "47"]
[WhiteFideId "12909238"]
[BlackFideId "4673344"]
[EventCountry "GER"]
[EventRounds "7"]
[EventType "team-swiss"]
[EventDate "2015.12.26"]

1. e4 e5 2. Nf3 Nc6 3. d4 exd4 4. Nxd4 Nf6 5. Nxc6 bxc6 6. Qe2 Qe7 7. Nc3 a5 8.
f3 Ba6 9. Qe3 Bxf1 10. Rxf1 Qe5 11. f4 Qh5 12. Qg3 Be7 13. Qf3 Qxh2 14. Bd2 Qh5
15. Qd3 O-O 16. Ne2 Qb5 17. O-O-O Rfb8 18. Bc3 Qb6 19. Rh1 h6 20. Qg3 Kh8 21.
Rxd7 Qc5 22. Bd4 Qc4 23. Rxe7 Qxe2 24. Bxf6 1-0

[Event "DVM U20 2015"]
[Site "Osnabrück GER"]
[Date "2015.12.29"]
[Round "6"]
[White "Paul, Fabian"]
[Black "Wanner, Lukas"]
[Result "0-1"]
[Termination "normal"]
[Board "3.4"]
[WhiteElo "1681"]
[BlackElo "2110"]
[WhiteClock "00:13:21"]
[BlackClock "00:44:18"]
[WhiteTeam "SC Zitadelle Spandau 1977"]
[BlackTeam "SK Doppelbauer Kiel"]
[PlyCount "54"]
[WhiteFideId "12908231"]
[BlackFideId "12918148"]
[EventCountry "GER"]
[EventRounds "7"]
[EventType "team-swiss"]
[EventDate "2015.12.26"]

1. c4 Nc6 2. g3 e5 3. Bg2 g6 4. Nc3 Bg7 5. d3 d6 6. Nf3 f5 7. O-O Nf6 8. a3 O-O
9. Bd2 h6 10. Qc2 Be6 11. Rab1 g5 12. b4 Qe8 13. b5 Ne7 14. c5 Qh5 15. b6 axb6
16. cxd6 cxd6 17. Rxb6 Nc8 18. Rxb7 f4 19. Ne4 Nxe4 20. dxe4 g4 21. Ne1 f3 22.
exf3 gxf3 23. Bh1 Rxa3 24. Qc7 Rf7 25. Qd8+ Kh7 26. Rxf7 Qxf7 27. Bb4 Bf6 0-1

[Event "DVM U20 2015"]
[Site "Osnabrück GER"]
[Date "2015.12.29"]
[Round "6"]
[White "Mieck, Jale"]
[Black "Fuchs, Dominik"]
[Result "0-1"]
[Termination "normal"]
[Board "3.5"]
[WhiteElo "1935"]
[BlackElo "1600"]
[WhiteClock "00:40:08"]
[BlackClock "00:30:44"]
[WhiteTeam "SK Doppelbauer Kiel"]
[BlackTeam "SC Zitadelle Spandau 1977"]
[PlyCount "115"]
[WhiteFideId "12936871"]
[BlackFideId "1270260"]
[EventCountry "GER"]
[EventRounds "7"]
[EventType "team-swiss"]
[EventDate "2015.12.26"]

1. e4 Nf6 2. e5 Nd5 3. d4 d6 4. c4 Nb6 5. exd6 cxd6 6. Nc3 g6 7. h4 h5 8. Bd3
Bg7 9. Be3 Nc6 10. Nge2 e5 11. d5 Ne7 12. f3 f5 13. Qd2 f4 14. Bf2 Nf5 15. Ne4
Qc7 16. Rc1 Bh6 17. b3 O-O 18. Bb1 Ne3 19. Bxe3 fxe3 20. Qc3 Qe7 21. Qb4 Rd8
22. N2c3 Bf5 23. Ke2 Rd7 24. a4 Rad8 25. Rcg1 Kh8 26. Nd1 Bxe4 27. Bxe4 g5 28.
hxg5 Qxg5 29. Qc3 Rg7 30. Qd3 Nd7 31. Qxe3 Qxg2+ 32. Rxg2 Rxg2+ 33. Kd3 Bxe3
34. Nxe3 Rg5 35. Kc3 a5 36. b4 b6 37. Nf5 Nf6 38. bxa5 bxa5 39. c5 dxc5 40. Kc4
Nxd5 41. Kxc5 Nc3 42. Kb6 Nxa4+ 43. Kxa5 Nc3 44. Kb4 Nxe4 45. fxe4 Kh7 46. Kc5
Kg6 47. Ra1 Rxf5 48. exf5+ Kxf5 49. Rf1+ Kg4 50. Re1 Kf4 51. Rf1+ Kg3 52. Re1
Re8 53. Kd5 h4 54. Ke4 h3 55. Re3+ Kg2 56. Re2+ Kg1 57. Ra2 Rf8 58. Ra1+ 0-1

[Event "DVM U20 2015"]
[Site "Osnabrück GER"]
[Date "2015.12.29"]
[Round "6"]
[White "Raulin, Kian"]
[Black "Nahnsen, Kenneth"]
[Result "0-1"]
[Termination "normal"]
[Board "3.6"]
[WhiteElo "1732"]
[BlackElo "1959"]
[WhiteClock "00:23:18"]
[BlackClock "00:18:42"]
[WhiteTeam "SC Zitadelle Spandau 1977"]
[BlackTeam "SK Doppelbauer Kiel"]
[PlyCount "90"]
[WhiteFideId "12912166"]
[BlackFideId "12957119"]
[EventCountry "GER"]
[EventRounds "7"]
[EventType "team-swiss"]
[EventDate "2015.12.26"]

1. d4 c5 2. d5 g6 3. e4 Bg7 4. f4 d6 5. Bb5+ Nd7 6. c4 a6 7. Ba4 b5 8. Bb3 Nb6
9. Qe2 Bd7 10. Nf3 e6 11. Nc3 exd5 12. exd5+ Qe7 13. Ne4 Kf8 14. Nfd2 f5 15.
Ng5 Qxe2+ 16. Kxe2 h6 17. Ne6+ Bxe6 18. dxe6 d5 19. cxd5 c4 20. Bc2 Nxd5 21.
Nf3 Re8 22. Rd1 Rxe6+ 23. Kf1 Nge7 24. a4 b4 25. Nd4 Rd6 26. b3 Nc3 27. Be3
Nxd1 28. Rxd1 Kf7 29. Nf3 Rxd1+ 30. Bxd1 Rd8 31. Ke2 Nd5 32. Bd2 c3 33. Bc1 Ne7
34. Bc2 Nc6 35. Bd3 Nd4+ 36. Kf2 Nxf3 37. Bc4+ Ke7 38. Kxf3 a5 39. Ke2 Bd4 40.
h3 Kf6 41. g4 Bb6 42. Ke1 Re8+ 43. Kd1 Be3 44. Bb5 Re7 45. g5+ hxg5 0-1

[Event "DVM U20 2015"]
[Site "Osnabrück GER"]
[Date "2015.12.29"]
[Round "6"]
[White "Bergauz, Noam"]
[Black "Friedrich, Wiede"]
[Result "0-1"]
[Termination "normal"]
[Board "4.1"]
[WhiteElo "2286"]
[BlackElo "2222"]
[WhiteTeam "SK München Südost"]
[BlackTeam "USV Potsdam"]
[PlyCount "102"]
[WhiteFideId "12938033"]
[BlackFideId "24629537"]
[EventCountry "GER"]
[EventRounds "7"]
[EventType "team-swiss"]
[EventDate "2015.12.26"]

1. e4 e6 2. d4 d5 3. Nd2 c5 4. Ngf3 Nc6 5. exd5 exd5 6. Bb5 Qe7+ 7. Be2 g5 8.
O-O g4 9. Ne5 Nxd4 10. Bxg4 Bxg4 11. Nxg4 O-O-O 12. Nf3 Ne2+ 13. Kh1 Nxc1 14.
Rxc1 Nf6 15. Ne3 Qd7 16. Qd3 Bh6 17. Rcd1 Rhe8 18. Qf5 Qxf5 19. Nxf5 Bf4 20. g3
Bc7 21. Rfe1 Ne4 22. Kg2 Re6 23. c3 Ba5 24. Ne3 d4 25. Nc4 dxc3 26. Nxa5 Rxd1
27. Rxd1 cxb2 28. Rb1 Ra6 29. Nc4 Rxa2 30. Rxb2 Rxb2 31. Nxb2 b5 32. Ne5 a5 33.
Nc6 Kc7 34. Nxa5 Nd2 35. Nd3 Kb6 36. Nb7 Kxb7 37. Nxc5+ Kc6 38. Nd3 Kd5 39. f4
Kd4 40. Ne5 b4 41. Nc6+ Kc3 42. Nxb4 Kxb4 43. Kh3 Kc5 44. Kg4 Kd5 45. Kg5 Ne4+
46. Kh6 Nf6 47. h3 Ke4 48. Kg7 Nh5+ 49. Kxf7 Nxg3 50. Kg7 h5 51. Kg6 Kxf4 0-1

[Event "DVM U20 2015"]
[Site "Osnabrück GER"]
[Date "2015.12.29"]
[Round "6"]
[White "Eichstaedt, Mirko"]
[Black "Müller, Constantin"]
[Result "1/2-1/2"]
[Termination "normal"]
[Board "4.2"]
[WhiteElo "2197"]
[BlackElo "2222"]
[WhiteTeam "USV Potsdam"]
[BlackTeam "SK München Südost"]
[PlyCount "165"]
[WhiteFideId "24692310"]
[BlackFideId "24697630"]
[EventCountry "GER"]
[EventRounds "7"]
[EventType "team-swiss"]
[EventDate "2015.12.26"]

1. d4 d5 2. c4 e6 3. Nc3 Nf6 4. cxd5 exd5 5. Bg5 Be7 6. e3 c6 7. Bd3 Nbd7 8.
Qc2 Nh5 9. Bxe7 Qxe7 10. Nge2 g6 11. O-O O-O 12. Rae1 Nb6 13. Nd1 Ng7 14. Ng3
Qd6 15. f3 Be6 16. Nf2 Rac8 17. Rc1 Rc7 18. a3 Re8 19. b4 Ra8 20. Qc3 Na4 21.
Qc2 Nb6 22. Ne2 Nf5 23. Qc5 Qd7 24. Ng4 Kg7 25. Nf4 Nc4 26. Ne5 Nxe5 27. Bxf5
Nc4 28. Bxe6 fxe6 29. b5 Nd2 30. b6 Rcc8 31. bxa7 Nxf1 32. Kxf1 b5 33. Qb6 Kg8
34. Rc3 Qxa7 35. Qxa7 Rxa7 36. Nxe6 Kf7 37. Nf4 Rcc7 38. Ke2 Ke7 39. Nd3 Kd6
40. h4 Ra4 41. Nb2 Ra5 42. Nd3 Ra4 43. Nb2 b4 44. axb4 Rxb4 45. Rc2 Ra7 46. Nd3
Rba4 47. f4 Ra2 48. Rxa2 Rxa2+ 49. Kf3 Rd2 50. Ne5 Rc2 51. g3 Ke6 52. g4 Rc3
53. Kf2 c5 54. dxc5 Rxc5 55. Nf3 h5 56. Nd4+ Kf6 57. g5+ Kf7 58. Ke2 Ra5 59.
Nf3 Ke6 60. Nd4+ Kf7 61. Nf3 Ra2+ 62. Kd3 Rf2 63. Ne5+ Ke7 64. Kd4 Rd2+ 65. Kc5
Rd1 66. Nf3 Rd3 67. Nd4 Rxe3 68. Kxd5 Rh3 69. f5 Rxh4 70. f6+ Kf7 71. Nf3 Ra4
72. Ne5+ Kg8 73. Nxg6 h4 74. Ke6 Re4+ 75. Kf5 h3 76. Kxe4 h2 77. Ne7+ Kf8 78.
g6 h1=Q+ 79. Kf5 Qf3+ 80. Ke5 Qe3+ 81. Kf5 Qd3+ 82. Ke5 Qe3+ 83. Kf5 1/2-1/2

[Event "DVM U20 2015"]
[Site "Osnabrück GER"]
[Date "2015.12.29"]
[Round "6"]
[White "Leeb, Simon"]
[Black "Cech, Tim"]
[Result "0-1"]
[Termination "normal"]
[Board "4.3"]
[WhiteElo "2077"]
[BlackElo "1879"]
[WhiteTeam "SK München Südost"]
[BlackTeam "USV Potsdam"]
[PlyCount "120"]
[WhiteFideId "12924768"]
[BlackFideId "1270258"]
[EventCountry "GER"]
[EventRounds "7"]
[EventType "team-swiss"]
[EventDate "2015.12.26"]

1. d4 Nf6 2. g3 e6 3. Bg2 c5 4. e3 Nc6 5. Ne2 d5 6. O-O Be7 7. b3 O-O 8. Bb2
Qc7 9. Nd2 cxd4 10. exd4 b5 11. c3 a5 12. Rc1 Ba6 13. Re1 Rab8 14. Nf4 Qd7 15.
Nf3 Rfc8 16. Bh3 Ne4 17. Nd2 Nxd2 18. Qxd2 Bg5 19. Rc2 Qd6 20. Bc1 Bxf4 21.
Qxf4 Qxf4 22. Bxf4 Rb6 23. Rcc1 Nd8 24. Bd2 Nb7 25. Bf1 Nd6 26. f3 Rbc6 27. Ra1
Kf8 28. Re3 Nf5 29. Ree1 Nd6 30. g4 Rb8 31. Rac1 Ke7 32. Re3 Kd7 33. Ree1 b4
34. cxb4 Bxf1 35. Rxc6 Kxc6 36. Rxf1 axb4 37. Rc1+ Kd7 38. Bf4 Ra8 39. Bxd6
Kxd6 40. Rc5 Rxa2 41. Rb5 e5 42. Rb6+ Kc7 43. Rxb4 exd4 44. Rxd4 Kc6 45. b4 Kd6
46. f4 Rc2 47. Rd3 Rc4 48. Rb3 Rxf4 49. h3 Kc6 50. b5+ Kb6 51. Kg2 Rc4 52. Rf3
Rc7 53. Rf5 Rd7 54. Kf3 Kxb5 55. Ke3 Kc4 56. Rh5 d4+ 57. Kd2 h6 58. g5 Rd5 59.
h4 hxg5 60. hxg5 f6 0-1

[Event "DVM U20 2015"]
[Site "Osnabrück GER"]
[Date "2015.12.29"]
[Round "6"]
[White "Leeb, Jonas"]
[Black "Ender, Paul Marius"]
[Result "1/2-1/2"]
[Termination "normal"]
[Board "4.5"]
[WhiteElo "1905"]
[BlackElo "1816"]
[WhiteTeam "SK München Südost"]
[BlackTeam "USV Potsdam"]
[PlyCount "107"]
[WhiteFideId "12924750"]
[BlackFideId "12936545"]
[EventCountry "GER"]
[EventRounds "7"]
[EventType "team-swiss"]
[EventDate "2015.12.26"]

1. c4 e5 2. g3 Nf6 3. Bg2 Nc6 4. Nc3 Bc5 5. d3 d6 6. Nf3 O-O 7. O-O Be6 8. a3
Rb8 9. e3 Bb6 10. b4 a6 11. Bb2 Qd7 12. Qc2 Bh3 13. Rad1 Bxg2 14. Kxg2 Rbd8 15.
d4 exd4 16. exd4 d5 17. c5 Ba7 18. Bc1 h6 19. Rfe1 Rfe8 20. h3 Rxe1 21. Rxe1
Re8 22. Rxe8+ Qxe8 23. Qf5 Ne7 24. Qe5 c6 25. Qc7 Qd7 26. Bf4 Ng6 27. Qxd7 Nxd7
28. Bd6 Bb8 29. Bxb8 Nxb8 30. Nd2 Nf8 31. Nb3 Ne6 32. a4 Kf8 33. f3 Ke7 34. h4
Nd7 35. b5 axb5 36. axb5 Kf6 37. Kf2 g5 38. hxg5+ Kxg5 39. bxc6 bxc6 40. Ke3 h5
41. Ne2 Ndf8 42. Na5 Nd8 43. Nf4 f6 44. Nd3 Ng6 45. Nf2 Ne7 46. Nh3+ Kh6 47. g4
h4 48. Nb3 Ne6 49. f4 f5 50. g5+ Kh5 51. Nc1 Kg4 52. Nf2+ Kh5 53. Ne2 Ng6 54.
Kf3 1/2-1/2